000 00567nam a2200229Ia 4500
003 OSt
005 20220918231451.0
006 a|||||r|||| 00| 0
007 ta
008 220917b |||||||| |||| 00| 0 eng d
024 _a286,571
037 _cTextual
040 _aARTS
_cARTS
_beng
041 _2eng
_aeng
082 _aR40aG:66, L3.1
100 _aFrauwallner
_9154758
245 0 _aHistory of Indian philosophy
260 _c1973
650 _aPHILOSOPHY
942 _hR40aG:66, L3.1
_cTEXL
_2CC
999 _c291319
_d291319